000 00585nam a2200205 4500
001 119401
003 ES-MaACL
005 20250710062728.0
007 t|
008 070214s1956 fr r ||||1| fre d
100 1 _aPilet, Paul-Emile.
_992024
245 1 2 _aL'energie végétale /
_cpar Paul-Emile Pilet.
250 _a1ª. ed.
260 _aParis :
_bPresses Universitaries de France,
_c1956.
300 _a127 p. :
_bil. ;
_c18 cm.
490 1 _aQue sais-je? ;
_v716
830 0 0 _aQue sais-je?
_v716
_9180931
852 _aES-MaACL
_jC-15627
_bR.43306
999 _c119401
_d119401